000
00324nam a22001337a 4500
008
181030b xxu||||| |||| 00| 0 eng d
020
_a
0471085367
041
_a
eng
080
_a
610.73
100
_a
2
101
_a
INF
245
_a
Family Health A Theoretical Approach to Nursing Care
_c
Clements,I.W
942
_2
udc
_c
BK
999
_c
51077
_d
51077